| 000 | 00370nam a22001577a 4500 | ||
|---|---|---|---|
| 003 | SGT | ||
| 020 | _a9780323758697 | ||
| 082 |
_a617.3 _bC21A |
||
| 100 | _aAZAR, FREDERICK M. | ||
| 245 | _aCAMPBELL'S OPERATIVE ORTHOPAEDICS VOL-3 | ||
| 250 | _a14TH | ||
| 260 |
_aPHILADDELPHIA _bELSEVIERS PUB _c2021 |
||
| 300 | _a3270 | ||
| 650 | _aORTHOPAEDICS | ||
| 942 |
_2ddc _cBK |
||
| 999 |
_c21998 _d21998 |
||